Statistics for Bodies of Water by Letter - A

Click here to take the quiz!

General Stats

  • This quiz has been taken 42 times
  • The average score is 10 of 12

Answer Stats

HintAnswer% Correct
Sea between Greece and Turkey.Aegean
100%
The longest river in South America.Amazon
100%
The smallest Ocean.Arctic
100%
2nd largest Ocean.Atlantic
100%
Borders the above, as well as Yemen, Djibouti, and Somalia; the Gulf of ____.Aden
97%
Sea on Italy's West Coast.Adriatic
97%
A sea of the northern Indian Ocean bounded on the north by Pakistan and Iran.Arabian
81%
It was an endorheic lake lying between Kazakhstan and Uzbekistan.Aral
78%
Marginal sea of northeastern Indian Ocean that has a group of islands of the same name.Andaman
69%
The shallowest sea in the world; the Sea of ____.Azov
56%
River that flows through Florence, Italy.Arno
53%
The only one of Pittsburgh's rivers that qualifies.Allegheny
41%

Score Distribution

Percentile by Number Answered

Percent of People with Each Score

Your Score History

You have not taken this quiz